| 000 | 00458nam a2200145Ia 4500 | ||
|---|---|---|---|
| 008 | 170224s9999 xx 000 0 und d | ||
| 100 | _aAlexandros Skandalis | ||
| 245 | _aMarketplace orchestration of taste: insights from the Bridgewater Hall | ||
| 245 | _cAlexandros Skandalis, Emma Banister & John Byrom | ||
| 260 | _bJournal of Marketing Management | ||
| 260 | _c2016 | ||
| 300 | _a32:9-10,Pages: 926-943 | ||
| 500 | _aAugust | ||
| 650 | _xMarketing. | ||
| 999 |
_c315940 _d315940 |
||